A Mercure Budapest Korona Hotel kommunikációs tevékenységének vizsgálata
| Main Author: | |
|---|---|
| Other Authors: | |
| Format: | Project work |
| Kulcsszavak: | Accor Hotels kommunikáció környezettudatosság társadalmi felelősségvállalás vállalati kommunikáció |
| Online Access: | http://dolgozattar.uni-bge.hu/59725 |
MARC
| LEADER | 00000nnm a2200000 i 4500 | ||
|---|---|---|---|
| 001 | dolg59725 | ||
| 005 | 20260409145458.0 | ||
| 008 | 260409suuuu hu o 000 hun d | ||
| 040 | |a BGE Dolgozattár Repozitórium |b hun | ||
| 041 | |a hu | ||
| 100 | 1 | |a Nagy Tímea | |
| 245 | 1 | 2 | |a A Mercure Budapest Korona Hotel kommunikációs tevékenységének vizsgálata |c Nagy Tímea |h [elektronikus dokumentum] |
| 516 | |a Project_work | ||
| 520 | 3 | |a Az általam választott téma a Kommunikáció, azon belül is egy szabadon választott szálláshely belső kommunikációs tevékenységének vizsgálata. Ebben az esetben a Kálvin tér egy emblematikus épülete egyben Budapest egyik legismertebb szállodája, a Mercure Budapest Korona Hotel. A Mercure Budapest Korona Hotel az Accor Group világ vezető vendéglátóipari csoportjának Midscale típusú leányvállalatai közé tartozik sok másikkal együttvéve, mint például a Novotel vagy a TRIBE szállodacsoportok. Témaválasztásom megindoklásának magyarázata többek között érinti a belső kommunikáció fontosságát, valamint a megfelelő együttműködési készség jelenlétét egy olyan volumenű létesítményen belül, mint amilyen az Accor Group S.A. multinacionális vállalat is. A megfelelőnek bizonyuló kommunikáció fontos, és nemcsak a társasági kapcsolatainkban, de a munkahelyi környezetünkben is. Valamennyien tisztában vagyunk azzal, hogy egy kapcsolat – legyen az párkapcsolat, vagy szakmai viszony – fenntartása nem egyszerű, temérdek időt és odafigyelést igényel, és a siker még akkor sem feltétlen garantált. A munkahelyi kapcsolatok megtartása is ugyanilyen nagy, ha nem nagyobb erőfeszítést követel. | |
| 695 | |a Accor Hotels | ||
| 695 | |a kommunikáció | ||
| 695 | |a környezettudatosság | ||
| 695 | |a társadalmi felelősségvállalás | ||
| 695 | |a vállalati kommunikáció | ||
| 700 | 1 | |a Békési Gábor György |e ths | |
| 856 | 4 | 0 | |u http://dolgozattar.uni-bge.hu/59725/1/A%20Mercure%20Budapest%20Korona%20Hotel%20kommunik%C3%A1ci%C3%B3s%20tev%C3%A9kenys%C3%A9g%C3%A9nek%20vizsg%C3%A1lata.pdf |z Dokumentum-elérés |
| 856 | 4 | 0 | |u http://dolgozattar.uni-bge.hu/59725/2/Biralat_Nagy%20T%C3%ADmea.pdf |z Dokumentum-elérés |